Participación, democracia y derechos humanos: un enfoque a partir de los dilemas de América Latina /

Guardado en:
Bibliografiske detaljer
Hovedforfatter: Thompson, José
Format: Texto
Fag:
Tags: Tilføj Tag
Ingen Tags, Vær først til at tagge denne postø!

MARC

LEADER 00000 a a2200000 04500
001 16371
003
040
100 |a Thompson, José  
245 |a Participación, democracia y derechos humanos:   |b un enfoque a partir de los dilemas de América Latina /  |c José Thompson 
500 |a Ponencia presentada en la conferencia internacional "Thomas Jefferson, rights and contemporary world", organizada por el International Center for Jefferson Studies, en Bellagio, Italia del 3 al 7 de junio de 2002  
650 |a PARTICIPACION POLITICA  
650 |a DERECHOS HUMANOS  
650 |a SISTEMAS POLITICOS  
650 |a DEMOCRACIA  
773 |g número 34 -35; páginas 79-104  
999 |c 28911  |d 28911